000 00634nam a2200181 i 4500
001 133903
003 ES-MaACL
005 20250913172628.0
007 t|
008 070903s1943 sp ||||1| spa d
100 1 _aWaltz, Gustav Adolf.
_9116027
245 1 0 _aEsencia del derecho internacional y crítica de sus negadores /
_cGustav Adolf Waltz ; escrito preliminar y traducción de Antonio Truyol Serra.
260 _aMadrid :
_bRevista de Derecho Privado,
_c[1943]
300 _a400 p. ;
_c22 cm.
700 1 _aTruyol y Serra, Antonio,
_d1913-2003
_9111597
852 _aES-MaACL
_jB-10247
_bR.21684
999 _c133903
_d133903